Statistics for Mystery Taylor Swift Song #26

Click here to take the quiz!

General Stats

  • This quiz has been taken 625 times
    (537 since last reset)
  • The average score is 52 of 114

Answer Stats

Song% Correct
a
96%
I
95%
Red
87%
we
87%
the
85%
you
84%
to
80%
be
78%
me
76%
And
74%
It
72%
my
72%
we're
71%
were
71%
your
69%
in
68%
Like
68%
he
67%
of
67%
on
67%
when
67%
was
66%
what
66%
never
62%
so
62%
said
61%
that
61%
Don't
58%
"Don't
58%
how
56%
night
56%
at
54%
made
54%
"Oh
54%
Ooh
54%
Starlight
54%
starlight
54%
starlight?
54%
If
52%
would
51%
Can't
50%
best
48%
could
48%
dancing
47%
Have
47%
see
47%
get
46%
'em
45%
"Look
45%
up
44%
with
44%
forget
43%
one
43%
marvelous
42%
place
41%
remember
41%
whole
41%
moved
40%
things?"
40%
things
40%
tune"
40%
about
38%
dressed
37%
You'll
37%
dream
35%
out
35%
he's
34%
nines
34%
impossible
33%
into
33%
walked
33%
change
32%
life
32%
met
32%
'45
31%
crazy
31%
summer
31%
much
30%
prince
30%
song
30%
teach
30%
way"
30%
dreams
29%
kids
29%
party
29%
boardwalk
28%
playing
28%
Pretending
28%
ten
28%
thinking
28%
wild
28%
duchess
27%
keep
27%
married
27%
worrying
27%
club
26%
running
26%
singing
26%
snuck
26%
spend
26%
talking
26%
blues
25%
Bobby
25%
saying
25%
seventeen
25%
yacht
25%
Picked
24%
late
23%
window
22%
rocks
21%
ocean
20%
skip
20%
tryna
17%

Score Distribution

Percentile by Number Answered

Percent of People with Each Score

Your Score History

You have not taken this quiz since the last reset